LEADER 00969cam0 2200277 450 001 E600200010703 005 20201106103046.0 100 $a20050607d1972 |||||ita|0103 ba 101 $aita 102 $aIT 200 1 $a<>civiltà africana$eintroduzione ad una storia culturale dell'Africa$fBasil Davidson$gtraduzione di Laura Felici 210 $aTorino$cEinaudi$d1972 215 $a333 p.$d22 cm. 225 2 $aSaggi$v496 410 1$1001LAEC00014985$12001 $a*Saggi$v496 700 1$aDavidson$b, Basil$3A600200031127$4070$0136838 702 1$aFelici, Laura$3A600200031128$4070 801 0$aIT$bUNISOB$c20201106$gRICA 850 $aUNISOB 852 $aUNISOB$j000|Coll|11|K$m22820 912 $aE600200010703 940 $aM 102 Monografia moderna SBN 941 $aM 957 $a000|Coll|11|K$b000061$gSi$d22820$rAcquisto$1pregresso3$2UNISOB$3UNISOB$420050607110325.0$520201106103036.0$6Spinosa 996 $aCivilta' africana$9489822 997 $aUNISOB LEADER 00903nam0 2200277 450 001 9910436357103321 005 20210223132125.0 010 $aa978-88-238-3724-9 100 $a20210223d2019----km y0itay50 ba 101 0 $aita 102 $aIT 105 $ay 001yy 200 1 $aFabbrica futuro$elavoro, contratti smart, azienda a bassa gerarchia, rivoluzione della mobilità, tecnologie. FCA, gli operai 4.0 e l'Italia nell'era post-Marchionne$fMarco Bentivogli, Diodato Pirone 210 $aMilano$cEgea$d2019 215 $aX, 236 p$d23 cm 610 0 $aOperai$aCondizioni di lavoro 676 $a305.5620945$v22 700 1$aBentivogli,$bMarco$0788794 701 1$aPirone,$bDiodato$0790879 801 0$aIT$bUNINA$gREICAT$2UNIMARC 901 $aBK 912 $a9910436357103321 952 $aA-IX-568$b156-21$fDDRC 959 $aDDRC 996 $aFabbrica futuro$91766792 997 $aUNINA